Даосизм: опыт историко-религиозного описания: учебное пособие

Détails bibliographiques
Auteur principal: Торчинов Е. А. Евгений Алексеевич
Langue:russe
Publié: Санкт-Петербург, Лань, 1998
Sujets:
Format: MixedMaterials Livre
KOHA link:https://koha.lib.tpu.ru/cgi-bin/koha/opac-detail.pl?biblionumber=11843

MARC

LEADER 00000nam0a2200000 4500
001 11843
005 20231101204808.0
010 |a 5811400152 
035 |a (RuTPU)RU\TPU\book\11917 
035 |a BOOK00011983 
090 |a 11843 
100 |a 20011209d1998 m y0rusy50 ca 
101 0 |a rus 
102 |a RU 
105 |a y j 000zy 
200 1 |a Даосизм: опыт историко-религиозного описания  |e учебное пособие  |f Е. А. Торчинов 
210 |a Санкт-Петербург  |c Лань  |d 1998 
215 |a 448 с. 
606 |a Религии  |2 stltpush  |3 (RuTPU)RU\TPU\subj\67538  |9 83295 
610 1 |a даосизм 
610 1 |a учебные пособия 
686 |a Э3я73  |v LBC/SL-A  |2 rubbk 
700 1 |a Торчинов  |b Е. А.  |g Евгений Алексеевич 
801 0 |a RU  |b 63413507  |c 20011209  |g PSBO 
801 2 |a RU  |b 63413507  |c 20190709  |g PSBO 
942 |c BK